Quizzes
Events
Quiz Creation
Community
Videos
Private Events
Remove Ads
Sign In
Join for FREE
Feedback
Dark Mode
Quiz Categories
Sports
Geography
Music
Movies
Television
Just For Fun
Miscellaneous
History
Literature
Language
Science
Gaming
Entertainment
Religion
Holiday
For Kids
Quiz Lab
Recent
Popular Today
Quiz Kudos Today
Editor Picks
Curator Picks
Quizzes by...
Day
Popularity
Type
Ratings
Length
Year
Community
Subscriptions
Recent Discussions
Orange Saloon
Badges
Playlists
Quests
Create
Leaderboards
Showdown
Live 5
Trivia Bingo
Activity
Puzzle Library
Sporcle Events
Private Events
Virtual Trivia
Globe League
Become a Host
Pub Owners
SporcleCon
Opinionation
Our Games
Videos
Blog
Mobile Apps
Partnerships
Remove Ads and Go Orange
Feedback
Television
TV Characters
TV Show
Sitcom
Network
Friends
Reality Shows
Cast
South Park
Star Trek
The Simpsons
Doctor Who
Television
TV Characters
TV Show
Sitcom
Network
Friends
Reality Shows
Cast
South Park
Star Trek
The Simpsons
Doctor Who
Random Quiz
Search Sporcle
×
Quiz Lab
Quiz Lab
Television
Anime
Type in answers that appear in a list
Type in answers that appear in a list
Classic
Best Score? Go Orange.
Pretty Cure Items Stats
Can you name the Pretty Cure Items?
By
sumomo
10m
49 Questions
238 Plays
238 Plays
238 Plays
Comments
Comments
Give Quiz Kudos
Give Quiz Kudos
-
- Ratings
hide this ad
Replay
Link that replays current quiz
Next Quiz
Link to next quiz in quiz playlist
You Got
0%
They Got
Avg Score
43%
Avg Friend Score
Upgrade to see
Score Distribution
Jump to the score distribution portion of the page
Score
0/49
Timer
10:00
0
Plays Today
Hint
Item
% Correct
5 GoGo!; transforming, communication
CureMo
63.4%
Heartcatch!; transformation
Heart Perfume
63.4%
Original; transforming, mascot care
Card Commune
60.1%
Heartcatch!; collecting, power boost
Heart Seed
58.4%
Heartcatch!; holding, transforming
Heart Pot
55%
Yes! 5; collecting
Pinkies
54.6%
Fresh!; transforming, communication
Linkrun
54.6%
Suite; transforming
Cure Module
54.6%
Original; attack
Rainbow Braces
53.4%
Fresh!; attack, miscellaneous
Clover Box of Happiness
50%
Max Heart; collecting
Heartiels
49.6%
Yes! 5; transforming
Pinky Catch
49.6%
Fresh!; attack
Passion Harp
49.2%
Heartcatch!; attack
Shiny Tambourine
49.2%
Original; collecting
Prism Stones
48.3%
Heartcatch!; power boost, attack
Heartcatch Mirage
47.5%
Fresh!; attack
Cure Stick
47.1%
Original; holding
Prism Hopish
46.6%
Heartcatch!; attack
Flower Tact
46.6%
Suite; attack
Miracle Belltier
46.6%
Suite; attack
Fantastic Belltier
46.6%
Suite; attack
Love Guitar Rod
45.8%
Heartcatch!; transforming
Shiny Perfume
45%
Suite; collecting
Notes
44.1%
Splash Star; transforming, mascot care
Crystal Commune
43.3%
Hint
Item
% Correct
Max Heart; transforming
Touch Commune
42.9%
Suite; holding
Fairy Tones
42.9%
Suite; attack
Healing Chest
42%
Max Heart; attack
Spark Braces
41.6%
Splash Star; transforming, mascot care
Mix Commune
41.2%
Max Heart; transforming, mascot care
Heartful Commune
40.3%
5 GoGo!; attack
Cure Fleuret
39.9%
Yes! 5; holding
Dream Collette
39.5%
Splash Star; attack, mascot care
Splash Commune
39.1%
5 GoGo!; transforming, attack
Milky Palette
38.7%
5 GoGo!; attack
Milky Mirror
38.7%
Max Heart; holding
Queen Chairect
36.1%
5 GoGo!; holding
Rose Pact
36.1%
Splash Star; attack
Spiral Rings
35.7%
5 GoGo!; communication
Milky Note
35.3%
Max Heart; attack
Heartiel Baton
34.9%
Splash Star; holding
Fairy Carafe
34.5%
Yes! 5; attack
Symphony Set
34.5%
Fresh!; mascot care, attack
Pickrun
34.5%
Original; mascot care
Pretty Commune
31.9%
Max Heart; power boost
Heartiel Brooch
31.9%
Splash Star; collecting
Miracle Drops
31.9%
5 GoGo!; collecting
Palmins
29.8%
Max Heart; miscellaneous
Miracle Commune
29.4%
Quiz Playlist
Details
Report
Send in Message
Add To Playlist
Classic:
Type in answers that appear in a list
Last Updated: Feb 16, 2017
Quiz Scoreboard
CHALLENGE
Sign Up to Join the Scoreboard
Show All
Scores
Hide
Comments
May contain spoilers
Recently Published
Pick 6: Fruits
by JohnFran
Miscellaneous
15s
Click the 1999 NBA Draft
by nibperrychub
Sports
2m
Alphabetical 'K' Countries by Flag Minefield
by ylime102
Geography
3m
More to Explore
Quiz From the Vault
Featured Blog Post
15 Basketball Trivia Facts You Can Be March Mad About
hide this ad
You Might Also Like...
Tags
Anime Quiz
cure
girl
item
magic
magical
Magical Objects
Magic Items
Pretty
Today's Top Quizzes in Television
Browse Television
hide this ad
Today's Top Quizzes in Anime
Browse Anime
Top Contributed Quizzes in Television
1
Hidden Simpsons Character
2
First Name TV: Leading Men
3
Hidden Simpsons Character XXIV
4
First Name TV: Leading Women Drama
5
Pick A Pair: Religious TV
6
Hidden Simpsons Character XXV
7
Hidden Simpsons Character XXVI
8
Demon Slayer Impossible Quiz
9
Hidden Simpsons Character II
10
One Piece Logic Puzzle
Explore More
Trending Topics
Disney
Anime
Crossword
Marvel
NBA
Harry Potter
Kpop
Pokémon
The Office
Puzzle
NFL
Soccer
Country
WWE
Song
hide this ad
More By:
sumomo
Quiz
Plays
Rating
Category
Featured
Created
Figure Out The Disney Lyrics 30-something
6,930
4.29
Movies
Jun 28, 2011
Pretty Cure Fairies
1,001
Television
Jun 19, 2011
MORE Figure Out Disney Lyrics
844
4.00
Movies
Jun 29, 2011
Name the Pretty Cures
655
Television
Jun 19, 2011
Pretty Cure Attacks
586
Television
Jun 19, 2011
Go to Creator's Profile
Score Distribution
Quiz Creator Spotlight
sumomo
Follow
Send a Message
Quizzes Created
-
Created Quiz Play Count
-
More By This Creator
Popular Quizzes Today
1
Countries of Asia Without Outlines Minefield
2
Find the US States - No Outlines Minefield
3
Pick 6: Fruits
4
Alphabetical 'K' Countries by Flag Minefield
5
The Countries of the World
6
Find the US States
7
US States
8
Find the Countries of Europe - No Outlines Minefield
More Television Quizzes
Click the Blue-Haired Cartoon Character
Published
Trending Quizzes
Pick 6: Mountains
Pick 6: Harry Potter
Pick 6: Flags
Pick 6: NFL Teams
Pick 6: Movie Franchises
Recently Updated
NWSL Teams
pecheneg
Women's Final Four Teams by Year
bhenderson79
Presidents Quartet II
eogle
Anything But Clue(do)
eogle
Anything But Oceanian Capitals
eogle
Anything But 7
eogle
Anything But Thing
eogle
Word Ladder: February 29
pecheneg
Song Title Questions
pecheneg
Women's NCAA Tournament #1 Seeds
pecheneg
Trending Topics
Disney
Kpop
Harry Potter
Crossword
Anime
Marvel
NBA
NFL
Puzzle
Country
WWE
Soccer
Song
The Office
Pokémon
Your Account Isn't Verified!
In order to create a playlist on Sporcle, you need to verify the email address you used during registration. Go to your
Sporcle Settings
to finish the process.
Report this User
Report this user for behavior that violates our
Community Guidelines
.
Details:
Send Report
Go to the Sporcle.com Mobile Site →
Comments